Представление документа в формате MARC21

Поле Инд. ПП Название Значение
Тип записи a
Библиографический уровень b
001 Контрольный номер e6245eba7f534952841b09948f20e91d
005 Дата корректировки 20200629090719.7
008 Кодируемые данные 20170331
040 b Код языка каталог. rus
e Правила каталог. PSBO
041 0_ a Код языка текста rus
084 a Индекс другой классификации/Индекс ББК 67.401.02(2Рос); 67.401.04(2Рос); 67.401.011.2(2Рос)
100 1_ a Автор Багмет А. М.
100 1_ a Автор Бычкова Е. И.
245 10 a Заглавие Некоторые аспекты совершенствования института ответственности главы муниципального образования
520 0_ a Аннотация В статье рассматриваются особенности правового статуса главы муниципального образования. Формулируется вывод о комплексном, собирательном характере категории «глава муниципального образования». Выражается точка зрения о необходимости уточнения места и роли главы муниципального образования в системе органов местного самоуправления. Авторы делают акцент на важности законодательного уточнения ответственности главы муниципального образования и подконтрольности его деятельности
650 14 a Основная рубрика право; административное право
653 0_ a Ключевые слова административная ответственность
a Ключевые слова глава муниципального образования
a Ключевые слова местное самоуправление
a Ключевые слова муниципальная система
a Ключевые слова муниципальная служба
a Ключевые слова муниципальное право
a Ключевые слова муниципальные образования
a Ключевые слова население
a Ключевые слова органы местного самоуправления
a Ключевые слова правовое регулирование
a Ключевые слова правовой статус
a Ключевые слова Россия
a Ключевые слова служебное право
773 08 t Заглавие источника Российская юстиция
d Дата издания источника 2020
g Прочая информация № 4. - С. 13 - 15
w Контрольный № источника d9163a71ea1647108cab3fccfb4b3d86
901 t Тип документа b